| 000 | 00700cam a22002294a 4500 | ||
|---|---|---|---|
| 001 | 2155978 | ||
| 003 | OSt | ||
| 005 | 20160503130134.0 | ||
| 008 | 990625s2000 caua b 001 0 eng | ||
| 010 | _a 99006679 | ||
| 020 | _z0787947431 (alk. paper) | ||
| 040 | _aSEKU | ||
| 050 | 0 | 0 |
_aRC 480.54 _b.S3 |
| 100 | 1 | _aScogin, Forrest Ray. | |
| 245 | 1 | 4 |
_aThe first session with seniors : _ba step-by-step guide / _cForrest Scogin. |
| 260 |
_aSan Francisco : _bJossey-Bass, _c2000. |
||
| 300 |
_axiii, 160 p. : _bill. ; _c24 cm. |
||
| 504 | _a"Further reading": p. 147. | ||
| 504 | _aIncludes bibliographical references and index. | ||
| 650 | 0 | _aPsychotherapy for older people. | |
| 942 |
_2lcc _cGEN |
||
| 999 |
_c13205 _d13205 |
||